| 000 | 00973nam a2200289 a 4500 | ||
|---|---|---|---|
| 999 |
_c5463 _d5463 |
||
| 005 | 20180226165107.0 | ||
| 008 | 170911b2006 ck ||||| |||| 00| 0 spa d | ||
| 020 | _a9589386490 | ||
| 040 |
_aCO-BoIAVH _cCO-BoIAVH |
||
| 041 | _aspa | ||
| 044 | _ack | ||
| 082 |
_a363.7 _bA53a |
||
| 100 | _aAmézquita, María Cristina | ||
| 245 | 1 | 0 | _aAlmacenamiento de carbono en ecosistemas terrestres para mitigar el cambio climático global |
| 260 |
_as.c. _bCIPAV _bCIAT _bCATIE _bWageningen University _c2006? |
||
| 300 |
_a68 páginas _c21 x 16 |
||
| 650 | 1 | 4 |
_aCambio climático _vMitigación |
| 650 | 1 | 4 |
_aSistemas silvopastoriles _vMonitoreo |
| 650 | 1 | 4 |
_aCarbono _vSuelos |
| 650 | 1 | 4 |
_aPasturas _vPotreros |
| 650 | 1 | 4 |
_aUsos de la tierra _vConservación |
| 700 | _aMurgueitio R., Enrique | ||
| 700 | _aCuartas, César Augusto | ||
| 700 | _aGómez, Maria Elena | ||
| 942 |
_cLIBRO _2ddc |
||
| 945 | _d2007-03-14 | ||